Dental anatomy and morphology / (Registro nro. 277)
[ vista simple ]
| 000 -LEADER | |
|---|---|
| campo de control de longitud fija | 02422nam a2200265Ia 4500 |
| 005 - FECHA Y HORA DE LA ÚLTIMA TRANSACCIÓN | |
| campo de control | 20220321151502.0 |
| 008 - DATOS DE LONGITUD FIJA--INFORMACIÓN GENERAL | |
| campo de control de longitud fija | 220315t2019||||xx |||||||||||||| ||spa|| |
| 020 ## - NÚMERO INTERNACIONAL ESTÁNDAR DEL LIBRO | |
| Número Internacional Estándar del Libro | 9780867157703 |
| 040 ## - FUENTE DE CATALOGACIÓN | |
| Centro catalogador/agencia de origen | ODONTO |
| Lengua de catalogación | spa |
| Centro/agencia transcriptor | ODONTO |
| Centro/agencia modificador | ODONTO |
| 041 ## - CÓDIGO DE IDIOMA | |
| Código de idioma del material acompañante/anexo si no son libretos y transcripciones | spa |
| 050 ## - SIGNATURA TOPOGRÁFICA DE LA BIBLIOTECA DEL CONGRESO | |
| Número de clasificación | 611.314 R594 |
| 082 ## - NÚMERO DE LA CLASIFICACIÓN DECIMAL DEWEY | |
| Número de clasificación | 611.314 R594 |
| 100 ## - ENTRADA PRINCIPAL--NOMBRE DE PERSONA | |
| Nombre de persona | Riquieri, Hilton |
| 9 (RLIN) | 768 |
| 245 #0 - MENCIÓN DEL TÍTULO | |
| Título | Dental anatomy and morphology / |
| Mención de responsabilidad, etc. | Hilton Riquieri. -- |
| 260 ## - PUBLICACIÓN, DISTRIBUCIÓN, ETC. | |
| Lugar de publicación, distribución, etc. | Illinois : |
| Nombre del editor, distribuidor, etc. | Quintessence Publishing, |
| Fecha de publicación, distribución, etc. | 2019. |
| 300 ## - DESCRIPCIÓN FÍSICA | |
| Extensión | 332 p. : |
| Otras características físicas | il. ; |
| Dimensiones | 29 cm. |
| 500 ## - NOTA GENERAL | |
| Nota general | Publicado la primera vez como: "Anatomía e escultura dental" en Portugués en 2016. |
| 520 ## - RESUMEN, ETC. | |
| Sumario, etc. | [Tomado de la introducción] Este hermoso atlas transmite no solo el conocimiento práctico de la anatomía dental, sino también el arte de esculpirlo en cera. La anatomía ideal de cada estructura dental se describe en detalle y las técnicas de depilación están bellamente ilustradas paso a paso como referencia visual. El autor demuestra que para cada rasgo morfológico hay una explicación en la naturaleza, asignando importancia a cada rasgo diminuto de la morfología dental. Organizado por diente y arco, este libro analiza la morfología a través de una lente clínica y establece repetidamente conexiones entre las características anatómicas y los conceptos clínicos. Los conocimientos fundamentales presentados en este texto son esenciales para mejorar las técnicas de encerado y esculpido y serán de utilidad tanto para estudiantes como para especialistas. 1,507 illus Contenidos: 1. Los parámetros estéticos y funcionales de los dientes posteriores 2. Primer premolar maxilar 3. Segundo premolar maxilar 4. Primer molar maxilar 5. Segundo molar maxilar 6. Cuadrante posterior maxilar 7. Primer premolar mandibular 8. Segundo premolar mandibular 9 Primer molar mandibular 10. Segundo molar mandibular 11. Cuadrante posterior mandibular 12. Parámetros estéticos y funcionales de los dientes anteriores 13. Incisivos centrales maxilares 14. Incisivos laterales maxilares 15. Caninos maxilares 16. Técnica progresiva para dientes anteriores superiores 17. Segmento anterior y encerados de arco completo. |
| 650 02 - PUNTO DE ACCESO ADICIONAL DE MATERIA--TÉRMINO DE MATERIA | |
| Término de materia o nombre geográfico como elemento de entrada | Anatomía dental |
| 9 (RLIN) | 206 |
| 650 02 - PUNTO DE ACCESO ADICIONAL DE MATERIA--TÉRMINO DE MATERIA | |
| Término de materia o nombre geográfico como elemento de entrada | Morfología dental |
| 9 (RLIN) | 414 |
| 650 02 - PUNTO DE ACCESO ADICIONAL DE MATERIA--TÉRMINO DE MATERIA | |
| Término de materia o nombre geográfico como elemento de entrada | Dentición permanente |
| 9 (RLIN) | 829 |
| 650 02 - PUNTO DE ACCESO ADICIONAL DE MATERIA--TÉRMINO DE MATERIA | |
| Término de materia o nombre geográfico como elemento de entrada | anatomía comparada |
| 9 (RLIN) | 830 |
| 700 ## - ENTRADA AGREGADA--NOMBRE PERSONAL | |
| Nombre de persona | Hilton Riquieri. |
| 9 (RLIN) | 831 |
| 942 ## - ELEMENTOS DE ENTRADA SECUNDARIOS (KOHA) | |
| Código de la institución [OBSOLETO] | Biblioteca de la Facultad de Odontología |
| Tipo de ítem Koha | Libros |
| Suprimir en OPAC | No |
| Prefijo de la signatura | 611.314 R594 |
| Fuente del sistema de clasificación o colocación | Clasificación Decimal Dewey |
| Estatus retirado | Estado de pérdida | Fuente del sistema de clasificación o colocación | Estado de daño | No para préstamo | Biblioteca de origen | Biblioteca actual | Ubicación en estantería | Fecha de adquisición | Fuente de adquisición | Número de inventario | Total de préstamos | Signatura topográfica completa | Código de barras | Visto por última vez | Tipo de ítem Koha | Nota pública |
|---|---|---|---|---|---|---|---|---|---|---|---|---|---|---|---|---|
| Clasificación Decimal Dewey | Biblioteca de la Facultad de Odontología | Biblioteca de la Facultad de Odontología | Colección general | 04/05/2020 | Tráelo Volando S.A. Compra | 10-H-1217-2020 | 611.314 R594 | L00003166 | 15/03/2022 | Libros | Consulta en sala |

